Sanat - "Kansalaislaulu" - Suomalainen kansanlaulu - Statistics

Yleistilastot
  • Tätä visaa on pelattu 9 kertaa
  • Keskiarvotulos 53 / 171
Vastaustilastot
Vastaus % Oikein
armahin
100%
maamme
100%
Suomen
100%
Suomenmaa
100%
ihanuuksien
83%
ihmemaa
83%
ja
83%
Joka
83%
joka
83%
Olet
83%
olet
83%
kodin
67%
Kodin
67%
nostattaa
67%
saarelmaan
67%
tahtoisin
67%
kalarantoja
50%
niemeen
50%
notkohon
50%
nyt
50%
vainiot
50%
viljavat
50%
ympäri
50%
Hetken
33%
hetken
33%
isänmaahan
33%
kaunistais
33%
maailma
33%
maailmaan
33%
maan
33%
miehenä
33%
siis
33%
tuhatvuosihin
33%
työ
33%
vaikuttaa
33%
yhtenä
33%
ylös
33%
aaltojen
17%
arvoisaan
17%
jalon
17%
kaikk
17%
Kaikki
17%
kannetaan
17%
kansa
17%
kansan
17%
kansana
17%
korsikin
17%
Kuinka
17%
kuinka
17%
kuljettais
17%
kummakseen
17%
kuntoa
17%
kuulla
17%
laulelmat
17%
miten
17%
onnea
17%
onnelle
17%
rehellisehen
17%
Saisi
17%
saisi
17%
saman
17%
täälläkin
17%
taistellaan
17%
Työhön
17%
työhön
17%
valvomaan
17%
voi
17%
yli
17%
aatteen
0%
alttariin
0%
edistykselle
0%
ihanteen
0%
ilojuhlina
0%
kantaa
0%
kauniin
0%
köyhäkin
0%
oikean
0%
pieni
0%
pyhän
0%
riemuitaan
0%
rovon
0%
toi
0%
uhria
0%
viimeisen
0%
voitollen
0%
Ehtoja vastaavia visoja ei löytynyt
Tulosjakauma
Jokaisen tuloksen saaneiden osuus
Persentiili vastausten määrän mukaan
Tuloshistoriasi
Et ole pelannut tätä visaa